000 00461pab a2200181 454500
008 180718b2008 xxu||||| |||| 00| 0 eng d
100 _aAlam, Shah
245 _aNuclear and foreign policy calculations of Iran
260 _c2008
300 _ap.109-41.
362 _aApr-Jun
650 _aNuclear weapons - Iran
650 _aIran - Foreign relations
650 _aInternational relations
773 _aIndia Quarterly
908 _aN
909 _a79614
999 _c79614
_d79614